[Event "Greek Team Championship"]
[Site "chess24.com"]
[Date "2017.07.06"]
[Round "5"]
[White "Mastrakouli, Evagelia"]
[Black "Papageorgiou, Fotini"]
[Result "1/2-1/2"]
[Board "6"]
[WhiteElo "1783"]
[WhiteCountry "GRE"]
[WhiteFideId "4229347"]
[WhiteEloChange "-8"]
[BlackElo "1427"]
[BlackCountry "GRE"]
[BlackFideId "4238265"]
[BlackEloChange "8"]

1. d4 {[%clk 1:30:53]} Nf6 {[%clk 1:30:56]} 2. c4 {[%clk 1:31:13]} g6 {[%clk
1:31:20]} 3. g3 {[%clk 1:31:25]} d5 {[%clk 1:30:57]} 4. cxd5 {[%clk 1:31:06]}
Nxd5 {[%clk 1:31:13]} 5. Bg2 {[%clk 1:31:14]} Bg7 {[%clk 1:31:18]} 6. e4 {[%clk
1:31:30]} Nb6 {[%clk 1:27:46]} 7. Ne2 {[%clk 1:31:18]} O-O {[%clk 1:27:18]} 8.
O-O {[%clk 1:31:08]} N8d7 {[%clk 1:23:09]} 9. a4 {[%clk 1:27:48]} a5 {[%clk
1:16:55]} 10. Nbc3 {[%clk 1:25:16]} e5 {[%clk 1:05:29]} 11. d5 {[%clk 1:23:17]}
Nf6 {[%clk 1:03:02]} 12. b3 {[%clk 1:18:36]} Bd7 {[%clk 0:57:48]} 13. Bb2 {[%clk
1:14:22]} Nh5 {[%clk 0:44:09]} 14. Nc1 {[%clk 1:07:13]} Nc8 {[%clk 0:31:55]} 15.
Nd3 {[%clk 1:04:24]} b6 {[%clk 0:30:18]} 16. Bf3 {[%clk 1:03:05]} Nf6 {[%clk
0:26:05]} 17. Nxe5 {[%clk 1:01:57]} Re8 {[%clk 0:25:26]} 18. Nc4 {[%clk 0:55:37]}
Bh3 {[%clk 0:22:18]} 19. Re1 {[%clk 0:53:26]} Nd6 {[%clk 0:16:45]} 20. Nxd6
{[%clk 0:43:34]} cxd6 {[%clk 0:17:07]} 21. Rc1 {[%clk 0:42:17]} Nd7 {[%clk
0:15:30]} 22. Ba3 {[%clk 0:41:05]} Nc5 {[%clk 0:14:23]} 23. Nb5 {[%clk 0:40:56]}
Bc8 {[%clk 0:11:04]} 24. b4 {[%clk 0:30:22]} axb4 {[%clk 0:11:23]} 25. Bxb4
{[%clk 0:30:48]} Ba6 {[%clk 0:10:47]} 26. Bc3 {[%clk 0:26:51]} Bxb5 {[%clk
0:10:41]} 27. axb5 {[%clk 0:25:19]} Bxc3 {[%clk 0:10:34]} 28. Rxc3 {[%clk
0:25:47]} Qf6 {[%clk 0:10:04]} 29. Rce3 {[%clk 0:23:41]} Ra5 {[%clk 0:08:55]} 30.
Qe2 {[%clk 0:22:13]} Nd7 {[%clk 0:07:48]} 31. Bg4 {[%clk 0:21:52]} Ne5 {[%clk
0:07:50]} 32. f4 {[%clk 0:21:53]} Nxg4 {[%clk 0:08:07]} 33. Qxg4 {[%clk 0:22:19]}
Ra1 {[%clk 0:07:34]} 34. e5 {[%clk 0:13:20]} Rxe1+ {[%clk 0:07:54]} 35. Rxe1
{[%clk 0:13:47]} dxe5 {[%clk 0:08:05]} 36. Qd7 {[%clk 0:13:58]} Re7 {[%clk
0:06:58]} 37. Qd8+ {[%clk 0:13:43]} Kg7 {[%clk 0:07:23]} 38. fxe5 {[%clk
0:14:08]} Rxe5 {[%clk 0:07:11]} 39. Qxf6+ {[%clk 0:14:24]} Kxf6 {[%clk 0:07:37]}
40. Rd1 {[%clk 0:44:25]} Ke7 {[%clk 0:37:41]} 41. d6+ {[%clk 0:40:41]} Kd7 {[%clk
0:38:06]} 42. Rc1 {[%clk 0:41:02]} Rxb5 {[%clk 0:37:44]} 43. Rc7+ {[%clk
0:41:25]} Kxd6 {[%clk 0:38:04]} 44. Rxf7 {[%clk 0:41:50]} Rh5 {[%clk 0:37:28]}
1/2-1/2

[Event "Greek Team Championship"]
[Site "chess24.com"]
[Date "2017.07.06"]
[Round "5"]
[White "Bouza, Mirto - Eleni"]
[Black "Giannoulaki, Ermofili"]
[Result "1-0"]
[Board "7"]
[WhiteElo "1313"]
[WhiteCountry "GRE"]
[WhiteFideId "4260848"]
[WhiteEloChange "7"]
[BlackElo "1220"]
[BlackCountry "GRE"]
[BlackFideId "25804278"]
[BlackEloChange "-7"]

1. e4 {[%clk 1:30:57]} d6 {[%clk 1:30:53]} 2. d4 {[%clk 1:31:14]} Nf6 {[%clk
1:31:12]} 3. Nc3 {[%clk 1:31:16]} Nbd7 {[%clk 1:31:10]} 4. h3 {[%clk 1:31:09]} e5
{[%clk 1:31:24]} 5. Nge2 {[%clk 1:31:14]} Be7 {[%clk 1:31:31]} 6. g4 {[%clk
1:30:05]} c6 {[%clk 1:30:30]} 7. a4 {[%clk 1:29:07]} b6 {[%clk 1:28:56]} 8. Bg2
{[%clk 1:24:05]} a6 {[%clk 1:27:37]} 9. O-O {[%clk 1:23:36]} Rb8 {[%clk 1:24:11]}
10. Be3 {[%clk 1:19:23]} Qc7 {[%clk 1:20:06]} 11. Qd2 {[%clk 1:15:55]} b5 {[%clk
1:14:47]} 12. axb5 {[%clk 0:59:17]} axb5 {[%clk 1:15:07]} 13. Ng3 {[%clk
0:57:03]} Nb6 {[%clk 1:07:32]} 14. b3 {[%clk 0:55:29]} O-O {[%clk 1:03:07]} 15.
g5 {[%clk 0:47:53]} Ne8 {[%clk 0:56:45]} 16. f4 {[%clk 0:41:43]} f6 {[%clk
0:48:54]} 17. h4 {[%clk 0:28:53]} Rf7 {[%clk 0:41:09]} 18. Rf2 {[%clk 0:26:45]}
Nd7 {[%clk 0:34:17]} 19. Nf5 {[%clk 0:22:28]} Nf8 {[%clk 0:32:30]} 20. Bh3 {[%clk
0:21:58]} Ng6 {[%clk 0:27:46]} 21. h5 {[%clk 0:16:38]} Nxf4 {[%clk 0:24:25]} 22.
Bxf4 {[%clk 0:16:27]} exf4 {[%clk 0:24:41]} 23. gxf6 {[%clk 0:10:56]} Nxf6 {[%clk
0:21:28]} 24. Qxf4 {[%clk 0:10:21]} Nxh5 {[%clk 0:19:10]} 25. Nh6+ {[%clk
0:09:12]} Kh8 {[%clk 0:12:05]} 26. Nxf7+ {[%clk 0:07:34]} Kg8 {[%clk 0:12:20]}
27. Nh6+ {[%clk 0:07:44]} Kh8 {[%clk 0:12:02]} 28. Qf8+ {[%clk 0:07:44]} 1-0

[Event "Greek Team Championship"]
[Site "chess24.com"]
[Date "2017.07.06"]
[Round "5"]
[White "Karzias, Christos"]
[Black "Loutragotis, Dimitrios"]
[Result "0-1"]
[Board "8"]
[WhiteElo "1718"]
[WhiteCountry "GRE"]
[WhiteFideId "4254902"]
[WhiteEloChange "-2"]
[BlackElo "2143"]
[BlackCountry "GRE"]
[BlackFideId "4268458"]
[BlackEloChange "2"]

1. d4 {[%clk 1:30:56]} Nf6 {[%clk 1:26:12]} 2. c4 {[%clk 1:31:08]} g6 {[%clk
1:26:36]} 3. Nc3 {[%clk 1:31:35]} Bg7 {[%clk 1:25:13]} 4. e4 {[%clk 1:31:24]} d6
{[%clk 1:25:34]} 5. Be2 {[%clk 1:29:27]} O-O {[%clk 1:25:55]} 6. Be3 {[%clk
1:29:11]} Na6 {[%clk 1:20:52]} 7. Nf3 {[%clk 1:22:41]} e5 {[%clk 1:19:31]} 8.
dxe5 {[%clk 1:13:14]} dxe5 {[%clk 1:19:54]} 9. Qc2 {[%clk 1:13:15]} Qe8 {[%clk
1:15:37]} 10. h3 {[%clk 1:10:55]} c6 {[%clk 1:14:18]} 11. Nd2 {[%clk 1:09:23]}
Nd7 {[%clk 1:12:42]} 12. g4 {[%clk 1:01:16]} Ndc5 {[%clk 1:05:59]} 13. O-O-O
{[%clk 0:53:20]} Ne6 {[%clk 1:01:12]} 14. Nb3 {[%clk 0:49:04]} b6 {[%clk
1:00:59]} 15. Rd6 {[%clk 0:37:25]} Qe7 {[%clk 0:54:24]} 16. Rhd1 {[%clk 0:37:04]}
Qc7 {[%clk 0:45:11]} 17. Qd2 {[%clk 0:27:56]} Nac5 {[%clk 0:42:43]} 18. Nxc5
{[%clk 0:27:18]} bxc5 {[%clk 0:43:04]} 19. Rd3 {[%clk 0:25:48]} Rb8 {[%clk
0:39:28]} 20. Na4 {[%clk 0:23:55]} Rb4 {[%clk 0:37:30]} 21. Nxc5 {[%clk 0:21:29]}
Rxc4+ {[%clk 0:37:43]} 22. Rc3 {[%clk 0:21:56]} Rxc3+ {[%clk 0:32:36]} 23. bxc3
{[%clk 0:20:49]} Qa5 {[%clk 0:32:05]} 24. Nb3 {[%clk 0:20:26]} Qa4 {[%clk
0:32:08]} 25. Qc2 {[%clk 0:18:28]} Re8 {[%clk 0:30:07]} 26. Nd2 {[%clk 0:18:22]}
Qa5 {[%clk 0:26:15]} 27. Nc4 {[%clk 0:18:06]} Qc7 {[%clk 0:26:40]} 28. Qa4 {[%clk
0:18:11]} Nf4 {[%clk 0:26:03]} 29. Bf1 {[%clk 0:18:06]} h5 {[%clk 0:21:15]} 30.
f3 {[%clk 0:17:38]} Be6 {[%clk 0:21:10]} 31. Qxa7 {[%clk 0:17:17]} Qxa7 {[%clk
0:21:30]} 32. Bxa7 {[%clk 0:17:41]} Ra8 {[%clk 0:21:54]} 33. Be3 {[%clk 0:16:53]}
Rxa2 {[%clk 0:22:08]} 34. Nb2 {[%clk 0:12:49]} Bb3 {[%clk 0:21:46]} 35. Rd8+
{[%clk 0:12:24]} Kh7 {[%clk 0:22:11]} 36. Rb8 {[%clk 0:12:21]} Ra1+ {[%clk
0:22:18]} 37. Kd2 {[%clk 0:12:46]} Rxf1 {[%clk 0:22:26]} 38. Rxb3 {[%clk
0:11:22]} Rxf3 {[%clk 0:22:35]} 39. Rb6 {[%clk 0:11:41]} Rxh3 {[%clk 0:21:27]}
40. Rxc6 {[%clk 0:42:05]} Rh2+ {[%clk 0:51:47]} 41. Kc1 {[%clk 0:42:28]} hxg4
{[%clk 0:52:06]} 42. c4 {[%clk 0:42:49]} Ne2+ {[%clk 0:50:43]} 43. Kb1 {[%clk
0:42:47]} Nc3+ {[%clk 0:51:05]} 44. Kc1 {[%clk 0:42:58]} g3 {[%clk 0:50:50]} 45.
Rc8 {[%clk 0:42:47]} Bh6 {[%clk 0:50:46]} 0-1

[Event "Greek Team Championship"]
[Site "chess24.com"]
[Date "2017.07.06"]
[Round "5"]
[White "Loutragotis, Paraskevas Pantelei"]
[Black "Sotiropoulos, Anastasios-Theohar"]
[Result "1-0"]
[Board "9"]
[WhiteElo "1891"]
[WhiteCountry "GRE"]
[WhiteFideId "4278771"]
[WhiteEloChange "6"]
[BlackElo "1757"]
[BlackCountry "GRE"]
[BlackFideId "4292243"]
[BlackEloChange "-6"]

1. e4 {[%clk 1:30:57]} c6 {[%clk 1:30:56]} 2. d4 {[%clk 1:31:18]} d5 {[%clk
1:31:23]} 3. e5 {[%clk 1:31:42]} Bf5 {[%clk 1:31:42]} 4. Be3 {[%clk 1:32:06]} e6
{[%clk 1:31:36]} 5. Nd2 {[%clk 1:31:21]} Nd7 {[%clk 1:29:53]} 6. Ngf3 {[%clk
1:31:13]} Ne7 {[%clk 1:30:00]} 7. Be2 {[%clk 1:30:36]} Bg6 {[%clk 1:29:49]} 8.
Nh4 {[%clk 1:30:43]} Nf5 {[%clk 1:29:25]} 9. Nxf5 {[%clk 1:30:35]} Bxf5 {[%clk
1:29:48]} 10. g4 {[%clk 1:30:46]} Bg6 {[%clk 1:27:19]} 11. h4 {[%clk 1:31:03]} h6
{[%clk 1:06:43]} 12. h5 {[%clk 1:30:16]} Bh7 {[%clk 1:07:12]} 13. O-O {[%clk
1:29:17]} f6 {[%clk 1:02:06]} 14. f4 {[%clk 1:27:48]} fxe5 {[%clk 0:59:11]} 15.
fxe5 {[%clk 1:27:21]} Be7 {[%clk 0:53:59]} 16. Nf3 {[%clk 1:24:33]} O-O {[%clk
0:50:21]} 17. Bd3 {[%clk 1:24:14]} Bxd3 {[%clk 0:43:03]} 18. Qxd3 {[%clk
1:24:03]} Rf7 {[%clk 0:43:08]} 19. Rad1 {[%clk 1:08:55]} Nf8 {[%clk 0:40:42]} 20.
Rd2 {[%clk 1:08:35]} Bg5 {[%clk 0:34:28]} 21. Bxg5 {[%clk 1:07:58]} hxg5 {[%clk
0:34:21]} 22. Rh2 {[%clk 1:04:06]} Qe7 {[%clk 0:28:34]} 23. Kg2 {[%clk 0:53:50]}
Rc8 {[%clk 0:18:36]} 24. h6 {[%clk 0:50:22]} c5 {[%clk 0:13:59]} 25. Rfh1 {[%clk
0:35:22]} c4 {[%clk 0:10:18]} 26. Qe3 {[%clk 0:34:44]} Nh7 {[%clk 0:07:56]} 27.
hxg7 {[%clk 0:31:44]} Rxg7 {[%clk 0:08:02]} 28. Kg3 {[%clk 0:30:46]} Rf8 {[%clk
0:07:31]} 29. Nxg5 {[%clk 0:30:30]} Qxg5 {[%clk 0:02:34]} 30. Qxg5 {[%clk
0:30:39]} Rxg5 {[%clk 0:02:16]} 31. Rxh7 {[%clk 0:31:04]} Rf7 {[%clk 0:02:13]}
32. Rxf7 {[%clk 0:30:45]} Kxf7 {[%clk 0:02:35]} 33. Rh7+ {[%clk 0:31:10]} Rg7
{[%clk 0:02:55]} 34. Rxg7+ {[%clk 0:31:06]} Kxg7 {[%clk 0:03:23]} 35. b4 {[%clk
0:31:02]} cxb3 {[%clk 0:02:37]} 36. cxb3 {[%clk 0:31:25]} Kh6 {[%clk 0:01:46]}
37. Kh4 {[%clk 0:30:46]} Kg6 {[%clk 0:01:44]} 38. g5 {[%clk 0:30:59]} b6 {[%clk
0:01:46]} 39. b4 {[%clk 0:31:05]} a6 {[%clk 0:01:51]} 40. a4 {[%clk 1:01:25]} Kg7
{[%clk 0:31:54]} 41. Kh5 {[%clk 1:01:50]} b5 {[%clk 0:31:59]} 42. a5 {[%clk
1:02:05]} 1-0

[Event "Greek Team Championship"]
[Site "chess24.com"]
[Date "2017.07.06"]
[Round "5"]
[White "Gkaripis, Marios Ilias"]
[Black "Basinas, Konstantinos"]
[Result "0-1"]
[Board "10"]
[WhiteElo "1187"]
[WhiteCountry "GRE"]
[WhiteFideId "25825801"]
[WhiteEloChange "-4"]
[BlackElo "1411"]
[BlackCountry "GRE"]
[BlackFideId "25813285"]
[BlackEloChange "4"]

1. d4 {[%clk 1:30:57]} d5 {[%clk 1:30:56]} 2. c4 {[%clk 1:31:20]} e5 {[%clk
1:31:19]} 3. dxe5 {[%clk 1:30:56]} d4 {[%clk 1:31:42]} 4. Nf3 {[%clk 1:30:17]}
Nc6 {[%clk 1:32:04]} 5. Nbd2 {[%clk 1:24:22]} Nge7 {[%clk 1:29:41]} 6. Nb3 {[%clk
1:21:45]} Nf5 {[%clk 1:29:58]} 7. g3 {[%clk 1:18:53]} a5 {[%clk 1:27:01]} 8. Bg2
{[%clk 1:15:20]} a4 {[%clk 1:26:45]} 9. Nbd2 {[%clk 1:14:46]} Be7 {[%clk
1:08:35]} 10. O-O {[%clk 1:13:43]} O-O {[%clk 1:08:43]} 11. b3 {[%clk 1:08:56]}
a3 {[%clk 1:07:51]} 12. Ne4 {[%clk 1:06:12]} Re8 {[%clk 1:07:08]} 13. Bf4 {[%clk
1:00:17]} h6 {[%clk 1:06:45]} 14. h4 {[%clk 0:56:40]} Bf8 {[%clk 1:05:04]} 15.
Qd2 {[%clk 0:52:59]} f6 {[%clk 0:40:48]} 16. g4 {[%clk 0:32:02]} fxe5 {[%clk
0:39:50]} 17. gxf5 {[%clk 0:25:34]} exf4 {[%clk 0:39:33]} 18. Qxf4 {[%clk
0:24:41]} Ra5 {[%clk 0:39:12]} 19. Bh3 {[%clk 0:23:27]} Be7 {[%clk 0:32:37]} 20.
Rfd1 {[%clk 0:19:07]} Rf8 {[%clk 0:29:34]} 21. Ng3 {[%clk 0:16:31]} Bd6 {[%clk
0:27:19]} 22. Qe4 {[%clk 0:14:18]} Re8 {[%clk 0:11:02]} 23. Qc2 {[%clk 0:13:26]}
Bb4 {[%clk 0:06:05]} 24. e3 {[%clk 0:10:52]} Bc3 {[%clk 0:05:50]} 25. Rab1 {[%clk
0:09:51]} Nb4 {[%clk 0:05:45]} 26. Qe2 {[%clk 0:09:21]} c5 {[%clk 0:00:52]} 27.
Qf1 {[%clk 0:07:48]} Nxa2 {[%clk 0:00:33]} 28. exd4 {[%clk 0:06:35]} Bxd4 {[%clk
0:00:56]} 29. Nxd4 {[%clk 0:05:35]} cxd4 {[%clk 0:01:08]} 30. Ra1 {[%clk
0:04:40]} Nc3 {[%clk 0:01:15]} 31. Rd2 {[%clk 0:03:53]} Qxh4 {[%clk 0:01:02]} 32.
Bg2 {[%clk 0:02:10]} b6 {[%clk 0:01:13]} 33. Re1 {[%clk 0:01:44]} Rf8 {[%clk
0:00:33]} 34. Qd3 {[%clk 0:01:05]} Rd8 {[%clk 0:00:35]} 35. b4 {[%clk 0:00:52]}
Ra4 {[%clk 0:00:48]} 36. b5 {[%clk 0:00:49]} a2 {[%clk 0:00:59]} 37. Ra1 {[%clk
0:00:50]} Rb4 {[%clk 0:01:05]} 38. Bd5+ {[%clk 0:00:37]} Rxd5 {[%clk 0:01:19]}
39. cxd5 {[%clk 0:00:37]} Rb1+ {[%clk 0:01:31]} 40. Rd1 {[%clk 0:30:39]} Nxd1
{[%clk 0:30:54]} 41. Rxb1 {[%clk 0:29:41]} axb1Q {[%clk 0:31:13]} 42. Qxb1 {[%clk
0:29:52]} Nc3 {[%clk 0:31:35]} 43. Qe1 {[%clk 0:29:11]} Bd7 {[%clk 0:31:44]} 44.
Qe5 {[%clk 0:26:54]} Bxb5 {[%clk 0:30:50]} 45. d6 {[%clk 0:24:50]} Bd7 {[%clk
0:30:25]} 46. Kg2 {[%clk 0:20:14]} Qf6 {[%clk 0:29:01]} 47. f4 {[%clk 0:17:24]}
d3 {[%clk 0:28:28]} 48. Qe1 {[%clk 0:15:23]} b5 {[%clk 0:27:25]} 49. Qd2 {[%clk
0:15:00]} Qd4 {[%clk 0:27:25]} 0-1

[Event "Greek Team Championship"]
[Site "chess24.com"]
[Date "2017.07.06"]
[Round "5"]
[White "Mista, Aleksander"]
[Black "Lupulescu, Constantin"]
[Result "1/2-1/2"]
[Board "1"]
[WhiteElo "2605"]
[WhiteTitle "GM"]
[WhiteCountry "POL"]
[WhiteFideId "1110381"]
[BlackElo "2635"]
[BlackTitle "GM"]
[BlackCountry "ROU"]
[BlackFideId "1207822"]

1. e4 {[%clk 1:30:57]} e6 {[%clk 1:30:55]} 2. d4 {[%clk 1:31:24]} d5 {[%clk
1:31:19]} 3. Nd2 {[%clk 1:31:51]} c5 {[%clk 1:31:45]} 4. exd5 {[%clk 1:32:18]}
Qxd5 {[%clk 1:32:09]} 5. Ngf3 {[%clk 1:32:45]} cxd4 {[%clk 1:32:31]} 6. Bc4
{[%clk 1:33:12]} Qd6 {[%clk 1:32:50]} 7. O-O {[%clk 1:33:36]} Nf6 {[%clk
1:33:15]} 8. Nb3 {[%clk 1:34:01]} Nc6 {[%clk 1:33:42]} 9. Nbxd4 {[%clk 1:34:26]}
Nxd4 {[%clk 1:34:06]} 10. Nxd4 {[%clk 1:34:54]} a6 {[%clk 1:34:31]} 11. Re1
{[%clk 1:35:20]} Qc7 {[%clk 1:34:39]} 12. Bf1 {[%clk 1:35:46]} Be7 {[%clk
1:34:53]} 13. Qf3 {[%clk 1:36:11]} O-O {[%clk 1:35:15]} 14. Bf4 {[%clk 1:36:38]}
Bd6 {[%clk 1:35:36]} 15. Bxd6 {[%clk 1:37:04]} Qxd6 {[%clk 1:36:03]} 16. Rad1
{[%clk 1:37:29]} Qc7 {[%clk 1:36:06]} 17. Qg3 {[%clk 1:37:03]} Qxg3 {[%clk
1:36:02]} 18. hxg3 {[%clk 1:37:30]} Bd7 {[%clk 1:35:59]} 19. Nf3 {[%clk 1:37:56]}
Rfd8 {[%clk 1:32:06]} 20. Ne5 {[%clk 1:38:21]} Be8 {[%clk 1:28:56]} 21. Be2
{[%clk 1:38:47]} Kf8 {[%clk 1:18:43]} 22. Bf3 {[%clk 1:34:24]} Ke7 {[%clk
1:14:18]} 23. Bxb7 {[%clk 1:25:27]} Rxd1 {[%clk 1:10:20]} 24. Rxd1 {[%clk
1:25:54]} Rb8 {[%clk 1:10:44]} 25. Bxa6 {[%clk 1:25:12]} Rxb2 {[%clk 1:11:05]}
26. c4 {[%clk 1:23:28]} Ne4 {[%clk 1:04:30]} 27. Bb5 {[%clk 1:03:35]} Nc3 {[%clk
0:41:38]} 28. Rd3 {[%clk 1:03:45]} Nxb5 {[%clk 0:39:17]} 29. cxb5 {[%clk
1:04:11]} Rxb5 {[%clk 0:38:10]} 30. Nf3 {[%clk 1:03:10]} Bc6 {[%clk 0:35:50]} 31.
Nd2 {[%clk 0:57:01]} Rb2 {[%clk 0:33:33]} 32. a3 {[%clk 0:56:18]} Bd5 {[%clk
0:31:34]} 33. g4 {[%clk 0:52:16]} h6 {[%clk 0:28:29]} 34. f3 {[%clk 0:51:59]} Ra2
{[%clk 0:26:15]} 35. Kh2 {[%clk 0:50:47]} g6 {[%clk 0:25:32]} 36. Kg3 {[%clk
0:50:02]} f5 {[%clk 0:24:45]} 37. gxf5 {[%clk 0:50:24]} gxf5 {[%clk 0:25:11]} 38.
f4 {[%clk 0:48:55]} Kf6 {[%clk 0:18:41]} 39. Nf3 {[%clk 0:48:58]} Be4 {[%clk
0:18:44]} 1/2-1/2

[Event "Greek Team Championship"]
[Site "chess24.com"]
[Date "2017.07.06"]
[Round "5"]
[White "Lubbe, Nikolas"]
[Black "Postny, Evgeny"]
[Result "0-1"]
[Board "2"]
[WhiteElo "2505"]
[WhiteTitle "IM"]
[WhiteCountry "GER"]
[WhiteFideId "4694031"]
[WhiteEloChange "-4"]
[BlackElo "2581"]
[BlackTitle "GM"]
[BlackCountry "ISR"]
[BlackFideId "2804344"]
[BlackEloChange "4"]

1. e4 {[%clk 1:29:19]} c6 {[%clk 1:30:44]} 2. d4 {[%clk 1:28:44]} d5 {[%clk
1:31:08]} 3. Nc3 {[%clk 1:29:08]} dxe4 {[%clk 1:31:34]} 4. Nxe4 {[%clk 1:29:31]}
Bf5 {[%clk 1:31:58]} 5. Ng3 {[%clk 1:29:52]} Bg6 {[%clk 1:32:23]} 6. Nh3 {[%clk
1:30:09]} Nd7 {[%clk 1:30:30]} 7. Nf4 {[%clk 1:27:50]} e5 {[%clk 1:30:37]} 8.
Nxg6 {[%clk 1:22:01]} hxg6 {[%clk 1:30:27]} 9. dxe5 {[%clk 1:11:27]} Qa5+ {[%clk
1:30:43]} 10. Bd2 {[%clk 1:07:31]} Qxe5+ {[%clk 1:31:05]} 11. Qe2 {[%clk
1:06:55]} O-O-O {[%clk 1:29:10]} 12. Qxe5 {[%clk 1:02:58]} Nxe5 {[%clk 1:29:34]}
13. Be2 {[%clk 1:01:48]} Nf6 {[%clk 1:26:19]} 14. Rd1 {[%clk 0:57:22]} Bc5 {[%clk
1:18:18]} 15. O-O {[%clk 0:51:50]} Rhe8 {[%clk 1:01:59]} 16. h3 {[%clk 0:47:30]}
Bb6 {[%clk 0:57:36]} 17. a3 {[%clk 0:40:42]} Nd5 {[%clk 0:54:10]} 18. c4 {[%clk
0:36:44]} Nf6 {[%clk 0:53:39]} 19. Bc3 {[%clk 0:36:54]} Bc7 {[%clk 0:52:22]} 20.
Rxd8+ {[%clk 0:33:14]} Rxd8 {[%clk 0:51:34]} 21. b4 {[%clk 0:30:26]} Ned7 {[%clk
0:48:34]} 22. Rb1 {[%clk 0:23:57]} Re8 {[%clk 0:44:03]} 23. Kf1 {[%clk 0:22:27]}
Bxg3 {[%clk 0:41:25]} 24. fxg3 {[%clk 0:22:56]} Re3 {[%clk 0:41:50]} 25. Bd4
{[%clk 0:20:56]} Rxa3 {[%clk 0:42:14]} 26. Bf3 {[%clk 0:21:16]} Rd3 {[%clk
0:28:48]} 27. Bxa7 {[%clk 0:20:17]} Ne5 {[%clk 0:29:12]} 28. Be2 {[%clk 0:17:19]}
Rxg3 {[%clk 0:27:48]} 29. Bd4 {[%clk 0:15:53]} Nfd7 {[%clk 0:26:34]} 30. Ra1
{[%clk 0:13:12]} Kb8 {[%clk 0:22:53]} 31. Rd1 {[%clk 0:11:52]} Kc7 {[%clk
0:17:40]} 32. b5 {[%clk 0:11:51]} f6 {[%clk 0:17:28]} 33. bxc6 {[%clk 0:06:59]}
Nxc6 {[%clk 0:13:38]} 34. Bf2 {[%clk 0:06:04]} Rc3 {[%clk 0:13:10]} 35. Be1
{[%clk 0:06:17]} Rb3 {[%clk 0:09:24]} 36. Ra1 {[%clk 0:05:10]} Nde5 {[%clk
0:07:22]} 37. Ra8 {[%clk 0:04:26]} Nd4 {[%clk 0:07:23]} 38. c5 {[%clk 0:02:51]}
Rb1 {[%clk 0:05:28]} 39. Ra2 {[%clk 0:01:15]} Rc1 {[%clk 0:03:49]} 0-1

[Event "Greek Team Championship"]
[Site "chess24.com"]
[Date "2017.07.06"]
[Round "5"]
[White "Stavrianakis, Ioannis"]
[Black "Kofidis, Andreas"]
[Result "1/2-1/2"]
[Board "3"]
[WhiteElo "2267"]
[WhiteTitle "FM"]
[WhiteCountry "GRE"]
[WhiteFideId "4208412"]
[WhiteEloChange "3"]
[BlackElo "2381"]
[BlackTitle "IM"]
[BlackCountry "GRE"]
[BlackFideId "4200217"]
[BlackEloChange "-3"]

1. d4 {[%clk 1:30:52]} f5 {[%clk 1:30:34]} 2. e3 {[%clk 1:30:41]} e6 {[%clk
1:30:50]} 3. Bd3 {[%clk 1:30:34]} Nf6 {[%clk 1:31:11]} 4. b3 {[%clk 1:30:22]} Be7
{[%clk 1:30:55]} 5. Nf3 {[%clk 1:29:23]} O-O {[%clk 1:30:50]} 6. Bb2 {[%clk
1:28:57]} b6 {[%clk 1:30:49]} 7. O-O {[%clk 1:28:53]} Bb7 {[%clk 1:31:15]} 8. c4
{[%clk 1:29:01]} Ne4 {[%clk 1:19:12]} 9. Nfd2 {[%clk 1:27:08]} d6 {[%clk
1:18:22]} 10. f3 {[%clk 1:27:18]} Nxd2 {[%clk 1:18:35]} 11. Nxd2 {[%clk 1:27:39]}
Nd7 {[%clk 1:18:55]} 12. Qc2 {[%clk 1:25:56]} g6 {[%clk 1:01:15]} 13. b4 {[%clk
1:21:07]} c5 {[%clk 0:56:32]} 14. a3 {[%clk 1:06:16]} Bf6 {[%clk 0:54:59]} 15.
Nb3 {[%clk 1:03:48]} Rc8 {[%clk 0:55:02]} 16. Qe2 {[%clk 0:58:54]} Qe7 {[%clk
0:49:33]} 17. e4 {[%clk 0:58:02]} fxe4 {[%clk 0:45:48]} 18. fxe4 {[%clk 0:57:39]}
cxd4 {[%clk 0:40:42]} 19. Nxd4 {[%clk 0:52:07]} Ne5 {[%clk 0:40:21]} 20. Nf3
{[%clk 0:46:46]} Nxf3+ {[%clk 0:38:46]} 21. Rxf3 {[%clk 0:46:43]} Bxb2 {[%clk
0:38:15]} 22. Rxf8+ {[%clk 0:46:41]} Rxf8 {[%clk 0:38:27]} 23. Qxb2 {[%clk
0:47:06]} Qg5 {[%clk 0:36:39]} 24. Re1 {[%clk 0:40:04]} e5 {[%clk 0:31:25]} 25.
Qe2 {[%clk 0:37:09]} Bc8 {[%clk 0:28:43]} 26. Qe3 {[%clk 0:33:58]} Qxe3+ {[%clk
0:27:06]} 27. Rxe3 {[%clk 0:34:23]} Be6 {[%clk 0:27:28]} 28. Re2 {[%clk 0:34:31]}
Rc8 {[%clk 0:22:49]} 29. Rc2 {[%clk 0:34:10]} a5 {[%clk 0:16:36]} 30. b5 {[%clk
0:34:24]} Kf7 {[%clk 0:16:37]} 31. Kf2 {[%clk 0:34:48]} Ke7 {[%clk 0:16:06]} 32.
Ke3 {[%clk 0:35:10]} Rf8 {[%clk 0:16:28]} 33. Rf2 {[%clk 0:35:00]} Rxf2 {[%clk
0:16:52]} 34. Kxf2 {[%clk 0:35:28]} 1/2-1/2